01902nam a2200397Ia 4500001001100000003000800011006001900019007001500038008004100053010001700094020002800111020002200139040002100161035002000182041001300202050002200215082001200237245011300249260004200362300001700404490004400421500030600465504005100771533015200822546005900974651003201033651004401065655002901109700003101138700003101169710001701200711011101217830003401328856012501362999001701487ebr5000141CaPaEBRm u cr cn|||||||||991020s2000 pau sb 101 0 eng d z 99054884  z1556199147 (alk. paper) z9027227519 (Eur.) aCaPaEBRcCaPaEBR a(OCoLC)707661920 aengamul14aP380b.C49 2000eb04a41522100aClitic phenomena in European languagesh[electronic resource] /cedited by Frits Beukema, Marcel den Dikken. aPhiladelphia :bJ. Benjamins,cc2000. aviii, 320 p.1 aLinguistik aktuell,x0166-0829 ;vv. 30 aRev. papers first presented at the Workshop on "Clitic Phenomena in English and Other European Languages," which was held during the Fourth Conference of the European Society for the Study of English, Sept. 5-9, 1997, at Lajos Kossuth University in Debrecen, Hungary; with one additional contribution. aIncludes bibliographical references and index. aElectronic reproduction.bPalo Alto, Calif. :cebrary,d2013.nAvailable via World Wide Web.nAccess may be limited to ebrary affiliated libraries. aPapers in English, with examples in various languages. 0aEuropexLanguagesxClitics. 0aEuropexLanguagesxCliticsvCongresses. 7aElectronic books.2local1 aBeukema, F. H.q(Frits H.)1 aDikken, Marcel den,d1965-2 aebrary, Inc.2 aWorkshop on "Clitic Phenomena in English and Other European Languages"d(1997 :cLajos Kossuth University) 0aLinguistik aktuell ;vBd. 30.40uhttp://site.ebrary.com/lib/rucke/Doc?id=5000141zAn electronic book accessible through the World Wide Web; click to view c17607d17607